000 00788cam a2200313 i 4500
001 0000881
003 DO-SdBNP
005 20180216092934.0
007 0000881
008 100514s 1986 sp a | |||| 000 f spa
015 _a
017 _a
_b
020 _a8426119980
035 _a
040 _aBPMSU
_bspa
_cBPMSU
_e
080 _a
100 1 _aOxenbury, Helen
240 1 _aThe check-up /
245 1 0 _aCon el médico /
_h
_cHelen Oxenbury ; traducción Herminia Dauer
250 _a2a. ed.
260 _aBarcelona :
_bJuventud,
_c1986.
300 _a[20] p.:
_bil.
_c18 cm.
490 1 _aDéjame leer
700 1 _aDauer, Herminia
_etrad.
830 0 _aDéjame leer
942 _2ddc
_cBK
945 _ainventariado, 2018 / dg
956 _aYLOCKWARD
_810
_cBPMSU
999 _c12308
_d12308